| 000 | 01687nam a2200277Ia 4500 | ||
|---|---|---|---|
| 999 |
_c36906 _d36906 |
||
| 001 | 2857 | ||
| 003 | GE_BSU | ||
| 005 | 20190611191435.0 | ||
| 008 | 181216s2010||||ge |||||||||||||| ||geo|| | ||
| 020 | _a9789941036286 | ||
| 040 | _cGE_BSU | ||
| 041 | _ageo | ||
| 080 | _a342 ყ–92 | ||
| 100 |
_aყურაშვილი, კახი _92424 |
||
| 245 |
_aბიკამერალიზმის დილემები / _cკახი ყურაშვილი, კონსტანტინე ჩოკორაია, ანა ბუჩუკური ; [რედ. ავთანდილ დემეტრაშვილი |
||
| 264 |
_aბათუმი : _bკონსტიტუციონალიზმის კვლევისა და ხელშეწყობის რეგიონალური ცენტრი, _c2011. |
||
| 300 |
_a83 გვ. : _bფოტ., ცხრ. ; _c20 სმ. |
||
| 501 | _aდანართები: გვ. 83-84. | ||
| 504 | _aბიბლიოგრ. ტექსტის შენიშვნ. და გვ. 85-87. | ||
| 653 | _aორპალატიანი საპარლამენტო სისტემები | ||
| 653 | _aორპალატიანი საპარლამენტო სისტემები საქართველოში | ||
| 700 |
_aჩოკორაია, კონსტანტინე _eავტორი _92425 |
||
| 700 |
_aბუჩუკური, ანა _eავტორი _92426 |
||
| 700 |
_aდემეტრაშვილი, ავთანდილ _eრედაქტორი _9162 |
||
| 942 |
_cBK _2udc |
||